| 000 | 00986nam a22003137a 4500 | ||
|---|---|---|---|
| 001 | BR0401667 | ||
| 003 | BR-BrBNA | ||
| 005 | 20230928101550.0 | ||
| 007 | ta | ||
| 008 | 230509b bl.||||| |||| 00| 0 por d | ||
| 040 |
_aBR-BrBNA _bpor _cBiblioteca Nacional de Agricultura |
||
| 041 | _a(Por) | ||
| 072 |
_aF61; F04 _b2790 |
||
| 090 | _ 2790 BR0401667 | ||
| 100 | 1 | _aRamos, M.R.C. | |
| 110 | 1 |
_aUniversidade Federal de Lavras, MG (Brasil) _0Tese (Mestrado) |
|
| 245 | 1 | _aCrescimento e nutrição mineral de mudas de pata-de-vaca (Bauhinia forficata Link)em função da aplicação de nitrogênio, fósforo e potássio | |
| 260 | 3 |
_aLavras, MG (Brasil): _c1999. |
|
| 300 | _a41 p. | ||
| 500 | _aSummaries (Eng, Por); Bibliography p. 36-41; 7 tables; 9 illus. | ||
| 650 | _aMORORÓ | ||
| 650 | _aPLANTA MEDICINAL | ||
| 650 | _aNITROGÊNIO | ||
| 650 | _aFÓSFORO | ||
| 650 | _aPOTÁSSIO | ||
| 650 | _aADUBAÇÃO | ||
| 909 |
_a202309 _bLucia _c55 _dLucia Elande |
||
| 942 | _cBK | ||
| 999 |
_c66461 _d66461 |
||